[Event "Oberliga Ost-A 1819"]
[Site "Germany"]
[Date "2019.02.03"]
[Round "7.6"]
[White "Piotraschke, Jens"]
[Black "Hutsch, Oliver"]
[Result "1/2-1/2"]
[WhiteElo "2160"]
[BlackElo "2135"]
[PlyCount "163"]
[EventDate "2018.10.21"]
[EventType "team-tourn"]
[EventRounds "11"]
[EventCountry "GER"]
[SourceTitle "EXT 2020"]
[Source "ChessBase"]
[SourceDate "2019.10.17"]
[SourceVersion "1"]
[SourceVersionDate "2019.10.17"]
[SourceQuality "1"]
[WhiteTeam "Coswig TuS"]
[BlackTeam "Dresden Gruen Weiss"]
[WhiteTeamCountry "GER"]
[BlackTeamCountry "GER"]

1. d4 Nf6 2. Nf3 e6 3. c4 b6 4. g3 Bb7 5. Bg2 Be7 6. Nc3 Ne4 7. Qd3 Nxc3 8. Qxc3 Be4 9. 0-0 0-0 10. Ne1 Bxg2 11. Nxg2 f5 12. Qd3 Bf6 13. Bd2 g6 14. Bc3 d6 15. e4 Nd7 16. exf5 exf5 17. Nf4 Rf7 18. Rfe1 Nf8 19. Re2 c6 20. Qf3 Qd7 21. Rae1 Re7 22. Rxe7 Bxe7 23. d5 c5 24. h4 Re8 25. h5 Bg5 26. Rxe8 Qxe8 27. hxg6 hxg6 28. Qh1 Nh7 29. Ne6 Bf6 30. Bxf6 Nxf6 31. Qh6 Qf7 32. Nf4 Nd7 33. Qxg6+ Qxg6 34. Nxg6 Kf7 35. Nh4 Kf6 36. Nf3 Kg6 37. Kf1 Nf6 38. Ke2 Ng4 39. Nh4+ Kf6 40. f3 Ne5 41. b3 a6 42. Ng2 Ng6 43. f4 Ne7 44. Kf3 Ng8 45. Ne3 Kg6 46. g4 fxg4+ 47. Kxg4 Nf6+ 48. Kf3 Ng8 49. Nf1 Nh6 50. Ng3 Kf6 51. Ne4+ Ke7 52. Kg3 Nf5+ 53. Kg4 Ne3+ 54. Kg5 b5 55. Nd2 bxc4 56. bxc4 Kf7 57. f5 a5 58. a4 Kg7 59. Kf4 Ng2+ 60. Ke4 Kf6 61. Nb3 Nh4 62. Nxa5 Nxf5 63. Nc6 Ng7 64. a5 Ne8 65. a6 Nc7 66. a7 Na8 67. Na5 Nb6 68. Kf4 Na8 69. Nb7 Ke7 70. Kf5 Nb6 71. Na5 Na8 72. Nc6+ Kd7 73. Kf6 Nb6 74. Nb8+ Kc7 75. Ke6 Kb7 76. Kxd6 Nxc4+ 77. Kxc5 Nb6 78. Nc6 Ka8 79. Kd6 Nxd5 80. Kxd5 Kb7 81. Kd6 Ka8 82. Kc7 1/2-1/2

[Event "Oberliga Ost-A 1718"]
[Site "Germany"]
[Date "2018.04.15"]
[Round "11.8"]
[White "Piotraschke, Jens"]
[Black "Pannier, Thomas"]
[Result "1/2-1/2"]
[WhiteElo "2145"]
[BlackElo "1701"]
[PlyCount "30"]
[EventDate "2017.10.22"]
[EventType "team-tourn"]
[EventRounds "11"]
[EventCountry "GER"]
[SourceTitle "EXT 2019"]
[Source "ChessBase"]
[SourceDate "2018.10.10"]
[SourceVersion "1"]
[SourceVersionDate "2018.10.10"]
[SourceQuality "1"]
[WhiteTeam "Coswig TuS"]
[BlackTeam "Dessau"]
[WhiteTeamCountry "GER"]
[BlackTeamCountry "GER"]

1. d4 d5 2. Nf3 Nf6 3. c4 e6 4. g3 b6 5. Bg2 Bb7 6. 0-0 Be7 7. Qc2 dxc4 8. Qxc4 0-0 9. Nc3 Nbd7 10. Bf4 c5 11. dxc5 Nxc5 12. Rfd1 Qc8 13. a4 Nce4 14. Qxc8 Raxc8 15. Nxe4 Bxe4 1/2-1/2

[Event "Lienz op-A 18th"]
[Site "Lienz"]
[Date "2015.02.08"]
[Round "2"]
[White "Mesaros, Florian"]
[Black "Piotraschke, Jens"]
[Result "1-0"]
[WhiteElo "2323"]
[BlackElo "2129"]
[PlyCount "59"]
[EventDate "2015.02.07"]
[EventType "swiss"]
[EventRounds "9"]
[EventCountry "AUT"]
[SourceTitle "CBM 164 Extra"]
[Source "ChessBase"]
[SourceDate "2015.03.02"]
[SourceVersion "1"]
[SourceVersionDate "2015.03.02"]
[SourceQuality "1"]

1. Nf3 Nf6 2. c4 e6 3. Nc3 d5 4. d4 Be7 5. Bf4 c6 6. e3 Nbd7 7. h3 0-0 8. Bd3 dxc4 9. Bxc4 b5 10. Bd3 b4 11. Ne4 Qb6 12. Rc1 Ba6 13. Nxf6+ Nxf6 14. Ne5 Rac8 15. Bg5 Bxd3 16. Bxf6 Bxf6 17. Nxd3 Be7 18. Qc2 Qa5 19. b3 Bd6 20. f4 Rc7 21. 0-0 Rb8 22. Rfd1 f6 23. Nc5 Re8 24. Nb7 Rxb7 25. Qxc6 Rbe7 26. Qxd6 e5 27. fxe5 fxe5 28. d5 Qxa2 29. Qxb4 a5 30. Qc4 1-0

[Event "Oberliga Ost-A 1415"]
[Site "Germany"]
[Date "2014.09.21"]
[Round "1.8"]
[White "Piotraschke, Jens"]
[Black "Schuh, Ruediger"]
[Result "1/2-1/2"]
[WhiteElo "2130"]
[BlackElo "2104"]
[PlyCount "39"]
[EventDate "2014.09.21"]
[EventType "team-tourn"]
[EventRounds "11"]
[EventCountry "GER"]
[SourceTitle "EXT 2016"]
[Source "ChessBase"]
[SourceDate "2015.10.08"]
[SourceVersion "1"]
[SourceVersionDate "2015.10.08"]
[SourceQuality "1"]
[WhiteTeam "Coswig"]
[BlackTeam "Hoyerswerda"]
[WhiteTeamCountry "GER"]
[BlackTeamCountry "GER"]

1. d4 Nf6 2. Nf3 g6 3. g3 Bg7 4. Bg2 0-0 5. c4 d6 6. 0-0 Nbd7 7. Nc3 e5 8. e4 c6 9. h3 Re8 10. Re1 Qb6 11. d5 cxd5 12. cxd5 Nc5 13. Rb1 a5 14. Be3 Bd7 15. Qe2 Rec8 16. Rec1 Qc7 17. Bd2 Qb6 18. Be3 Qc7 19. Bd2 Qb6 20. Be3 1/2-1/2

[Event "Oberliga Ost-A 1112"]
[Site "Germany"]
[Date "2012.04.14"]
[Round "10.5"]
[White "Schirmer, Raik"]
[Black "Piotraschke, Jens"]
[Result "1-0"]
[WhiteElo "2281"]
[BlackElo "2161"]
[PlyCount "69"]
[EventDate "2011.09.25"]
[EventType "team-tourn"]
[EventRounds "11"]
[EventCountry "GER"]
[SourceTitle "EXT 2013"]
[Source "ChessBase"]
[SourceDate "2012.11.22"]
[SourceVersion "1"]
[SourceVersionDate "2012.11.22"]
[SourceQuality "1"]
[WhiteTeam "Leipzig SG II"]
[BlackTeam "Coswig"]
[WhiteTeamCountry "GER"]
[BlackTeamCountry "GER"]

1. c4 f5 2. Nc3 Nf6 3. d3 d6 4. g3 e5 5. Bg2 Be7 6. e4 c6 7. d4 0-0 8. Nge2 Nxe4 9. Nxe4 fxe4 10. Bxe4 Bg4 11. h3 Bxe2 12. Qxe2 d5 13. Bg2 Bb4+ 14. Kf1 exd4 15. Bf4 Re8 16. Qd3 Qe7 17. Bf3 dxc4 18. Qxc4+ Kh8 19. Qxd4 Na6 20. h4 Bc5 21. Qc3 Bb4 22. Qc2 Qf7 23. Kg2 Nc7 24. Rad1 Ne6 25. Be3 Bf8 26. Be4 g6 27. h5 g5 28. Bg6 Qg7 29. Bxe8 Rxe8 30. Qc3 c5 31. Rd7 Qxc3 32. bxc3 Bg7 33. Rxb7 Bxc3 34. Rxa7 Bd4 35. Re1 1-0

[Event "Oberliga Ost-A 1112"]
[Site "Germany"]
[Date "2012.02.26"]
[Round "8.5"]
[White "Piotraschke, Jens"]
[Black "Scholz, Markus"]
[Result "0-1"]
[WhiteElo "2161"]
[BlackElo "2122"]
[PlyCount "58"]
[EventDate "2011.09.25"]
[EventType "team-tourn"]
[EventRounds "11"]
[EventCountry "GER"]
[SourceTitle "EXT 2013"]
[Source "ChessBase"]
[SourceDate "2012.11.22"]
[SourceVersion "1"]
[SourceVersionDate "2012.11.22"]
[SourceQuality "1"]
[WhiteTeam "Coswig"]
[BlackTeam "Leipzig VfB"]
[WhiteTeamCountry "GER"]
[BlackTeamCountry "GER"]

1. Nf3 d5 2. d4 e6 3. c4 c6 4. e3 f5 5. Bd3 Nf6 6. b3 Bd6 7. Bb2 0-0 8. 0-0 Ne4 9. Ne5 Nd7 10. Nxd7 Bxd7 11. Nd2 Be8 12. f4 Kh8 13. Nf3 Bh5 14. Qc2 Qe7 15. a3 Rg8 16. b4 g5 17. Bxe4 fxe4 18. Ne5 gxf4 19. Rxf4 Bxe5 20. dxe5 Bf3 21. g3 Qg5 22. cxd5 cxd5 23. Rc1 Qh5 24. Qf2 Rac8 25. Rxc8 Rxc8 26. Qd2 Qe8 27. Rf6 Rc4 28. Bd4 b6 29. Kf2 Qc8 0-1

[Event "Oberliga Ost-A 1112"]
[Site "Germany"]
[Date "2011.10.22"]
[Round "2.7"]
[White "Piotraschke, Jens"]
[Black "Zeuner, Michael"]
[Result "1-0"]
[WhiteElo "2161"]
[BlackElo "2178"]
[PlyCount "55"]
[EventDate "2011.09.25"]
[EventType "team-tourn"]
[EventRounds "11"]
[EventCountry "GER"]
[SourceTitle "EXT 2013"]
[Source "ChessBase"]
[SourceDate "2012.11.22"]
[SourceVersion "1"]
[SourceVersionDate "2012.11.22"]
[SourceQuality "1"]
[WhiteTeam "Coswig"]
[BlackTeam "Magdeburg Aufbau Elbe"]
[WhiteTeamCountry "GER"]
[BlackTeamCountry "GER"]

1. d4 d6 2. g3 g6 3. Nf3 Bg7 4. c4 f5 5. b4 c5 6. Bb2 Nc6 7. Bg2 Nh6 8. 0-0 0-0 9. b5 Na5 10. Na3 Nf7 11. Qd2 Be6 12. d5 Bd7 13. Bxg7 Kxg7 14. Qc3+ Kg8 15. Nc2 a6 16. a4 axb5 17. axb5 b6 18. Nd2 Qc7 19. f4 Rad8 20. e4 e5 21. dxe6 Bxe6 22. exf5 gxf5 23. Ne3 Rde8 24. Nd5 Bxd5 25. Bxd5 Qd8 26. Nf3 h6 27. Nh4 Kh7 28. Nxf5 1-0

[Event "Oberliga Ost-A 1011"]
[Site "Germany"]
[Date "2011.04.09"]
[Round "10.6"]
[White "Piotraschke, Jens"]
[Black "Liebscher, Helmar"]
[Result "0-1"]
[WhiteElo "2158"]
[BlackElo "2102"]
[PlyCount "104"]
[EventDate "2010.10.24"]
[EventType "team-tourn"]
[EventRounds "11"]
[EventCountry "GER"]
[SourceTitle "EXT 2012"]
[Source "ChessBase"]
[SourceDate "2011.11.24"]
[SourceVersion "1"]
[SourceVersionDate "2011.11.24"]
[SourceQuality "1"]
[WhiteTeam "Coswig"]
[BlackTeam "Halle USV II"]
[WhiteTeamCountry "GER"]
[BlackTeamCountry "GER"]

1. Nf3 Nf6 2. d4 e6 3. g3 b6 4. Bg2 Bb7 5. 0-0 d5 6. c4 Nbd7 7. b3 Bb4 8. Bb2 0-0 9. cxd5 exd5 10. a3 Bd6 11. Nc3 Re8 12. e3 Ne4 13. Qc2 Ndf6 14. Nb5 Ba6 15. a4 c5 16. Nxd6 Qxd6 17. dxc5 bxc5 18. Rfc1 Ng4 19. Nh4 Ngxf2 20. Bxe4 Nxe4 21. Nf5 Qg6 22. Nh4 Qg4 23. Re1 Re6 24. Rad1 Rd8 25. Qg2 Bb7 26. Qf3 Qh3 27. Qg2 Qg4 28. Qf3 Qh3 29. Qg2 Qxg2+ 30. Nxg2 g5 31. Rf1 Rb6 32. h4 Rxb3 33. Bf6 Nxf6 34. Rxf6 gxh4 35. Nxh4 Rxe3 36. Nf5 Re6 37. Nh6+ Kg7 38. Rxf7+ Kxh6 39. Rxb7 Ra6 40. Kg2 Rxa4 41. Rh1+ Kg6 42. Rhxh7 Ra2+ 43. Kh3 d4 44. Rbe7 Rg8 45. Rh4 Kf6 46. Rhe4 Ra6 47. Rc7 Rg5 48. Rd7 Ra3 49. Rde7 Raxg3+ 50. Kh2 Rg2+ 51. Kh1 R2g4 52. R7e6+ Kf5 0-1

[Event "Oberliga Ost-A 1011"]
[Site "Germany"]
[Date "2010.11.14"]
[Round "3.5"]
[White "Duchrow, Oliver"]
[Black "Piotraschke, Jens"]
[Result "1-0"]
[WhiteElo "2136"]
[BlackElo "2158"]
[PlyCount "41"]
[EventDate "2010.10.24"]
[EventType "team-tourn"]
[EventRounds "11"]
[EventCountry "GER"]
[SourceTitle "EXT 2012"]
[Source "ChessBase"]
[SourceDate "2011.11.24"]
[SourceVersion "1"]
[SourceVersionDate "2011.11.24"]
[SourceQuality "1"]
[WhiteTeam "Sangerhausen"]
[BlackTeam "Coswig"]
[WhiteTeamCountry "GER"]
[BlackTeamCountry "GER"]

1. e4 c6 2. d4 d5 3. Nd2 dxe4 4. Nxe4 Bf5 5. Ng3 Bg6 6. N1e2 e6 7. Nf4 Bd6 8. h4 Qc7 9. Qf3 Bxc2 10. Ngh5 Bf8 11. Bd2 Ne7 12. g4 h6 13. Rc1 Bh7 14. g5 Nd7 15. gxh6 gxh6 16. Bh3 Qb6 17. Nxe6 fxe6 18. Bxe6 Bg6 19. Rg1 Bxh5 20. Qxh5+ Kd8 21. Ba5 1-0

[Event "Oberliga Ost-A 1011"]
[Site "Germany"]
[Date "2010.11.13"]
[Round "2.5"]
[White "Piotraschke, Jens"]
[Black "Matthey, Harald"]
[Result "1-0"]
[WhiteElo "2158"]
[BlackElo "2225"]
[PlyCount "87"]
[EventDate "2010.10.24"]
[EventType "team-tourn"]
[EventRounds "11"]
[EventCountry "GER"]
[SourceTitle "EXT 2012"]
[Source "ChessBase"]
[SourceDate "2011.11.24"]
[SourceVersion "1"]
[SourceVersionDate "2011.11.24"]
[SourceQuality "1"]
[WhiteTeam "Coswig"]
[BlackTeam "Loeberitz"]
[WhiteTeamCountry "GER"]
[BlackTeamCountry "GER"]

1. Nf3 d5 2. d4 Nf6 3. g3 g6 4. Bg2 Bg7 5. 0-0 0-0 6. Be3 c6 7. h3 Ne4 8. Qc1 Re8 9. Rd1 Nd7 10. c4 dxc4 11. Qc2 Nd6 12. Bf4 Nb6 13. e4 h6 14. g4 Be6 15. Nc3 Nb5 16. Nxb5 cxb5 17. d5 Bd7 18. e5 Rf8 19. Bg3 Qc8 20. Nh4 Qc5 21. e6 fxe6 22. Nxg6 Rf6 23. dxe6 Bc6 24. Bxc6 bxc6 25. Bh4 Rxe6 26. Re1 Rxe1+ 27. Rxe1 Nd5 28. Nxe7+ Nxe7 29. Rxe7 Qd6 30. Qe4 Rf8 31. Bg3 Qf6 32. Rxa7 Qxb2 33. Qe6+ Kh7 34. Qe4+ Kg8 35. Qe6+ Kh7 36. Qe4+ Kh8 37. Rxg7 Qa1+ 38. Kg2 Qxg7 39. Be5 Rf6 40. Qd4 Qf7 41. Bxf6+ Kh7 42. Qe4+ Kg8 43. Qxc6 b4 44. Be5 1-0

[Event "Oberliga Ost-A 1011"]
[Site "Germany"]
[Date "2010.10.24"]
[Round "1.5"]
[White "Rothe, Guido"]
[Black "Piotraschke, Jens"]
[Result "0-1"]
[WhiteElo "2159"]
[BlackElo "2158"]
[PlyCount "116"]
[EventDate "2010.10.24"]
[EventType "team-tourn"]
[EventRounds "11"]
[EventCountry "GER"]
[SourceTitle "EXT 2012"]
[Source "ChessBase"]
[SourceDate "2011.11.24"]
[SourceVersion "1"]
[SourceVersionDate "2011.11.24"]
[SourceQuality "1"]
[WhiteTeam "Magdeburg Aufbau Elbe"]
[BlackTeam "Coswig"]
[WhiteTeamCountry "GER"]
[BlackTeamCountry "GER"]

1. e4 c6 2. d4 d5 3. e5 Bf5 4. Nc3 e6 5. g4 Bg6 6. Nge2 f6 7. f4 fxe5 8. fxe5 Qh4+ 9. Ng3 h5 10. gxh5 Bxh5 11. Be2 Bxe2 12. Ncxe2 Nh6 13. Bxh6 Rxh6 14. Qd3 Na6 15. 0-0-0 Nb4 16. Qb3 0-0-0 17. Rdf1 Be7 18. Kb1 Na6 19. a3 Qg5 20. Rf7 Rf8 21. Rxf8+ Bxf8 22. Qf3 Be7 23. Qf7 Bd8 24. Nf4 Qe7 25. Qg8 g5 26. Nd3 Qh7 27. Qxh7 Rxh7 28. c3 Be7 29. Nf2 Rh4 30. Ne2 Nb8 31. h3 c5 32. Rg1 Nc6 33. Rg4 Rh7 34. Kc2 Rf7 35. Rg2 b6 36. Kd2 Na5 37. Nd1 Nc4+ 38. Ke1 Kd7 39. Rf2 Rh7 40. Ng1 g4 41. Ke2 gxh3 42. Rh2 cxd4 43. cxd4 Bg5 44. Kd3 Bc1 45. Kc2 Be3 46. Ne2 Bg5 47. Nf2 Ne3+ 48. Kd3 Nc4 49. Rxh3 Nxb2+ 50. Kc3 Rf7 51. Ng4 Nc4 52. Kb4 Be7+ 53. Kb5 Nxa3+ 54. Ka6 Nc4 55. Kxa7 Kc6 56. Kb8 Bd8 57. Rh8 Bc7+ 58. Ka8 Rf1 0-1

[Event "Oberliga Ost-A 0809"]
[Site "Germany"]
[Date "2009.02.01"]
[Round "7.6"]
[White "Schellig, Andreas"]
[Black "Piotraschke, Jens"]
[Result "1/2-1/2"]
[WhiteElo "2139"]
[BlackElo "2185"]
[PlyCount "64"]
[EventDate "2008.10.12"]
[EventType "team-tourn"]
[EventRounds "11"]
[EventCountry "GER"]
[SourceTitle "EXT 2010"]
[Source "ChessBase"]
[SourceDate "2010.11.25"]
[SourceVersion "1"]
[SourceVersionDate "2010.11.25"]
[SourceQuality "1"]
[WhiteTeam "Leipzig Gohlis II"]
[BlackTeam "Coswig"]
[WhiteTeamCountry "GER"]
[BlackTeamCountry "GER"]

1. d4 e6 2. c4 f5 3. Nf3 Nf6 4. g3 d5 5. Bg2 c6 6. b3 Bd6 7. 0-0 Qe7 8. Bb2 0-0 9. Ne5 a5 10. Nd2 Bd7 11. f3 Be8 12. e4 dxe4 13. fxe4 Bxe5 14. dxe5 Qc5+ 15. Kh1 Bh5 16. Qe1 Nxe4 17. Nxe4 fxe4 18. Rxf8+ Qxf8 19. Qxe4 Nd7 20. g4 Bg6 21. Qd4 Qe7 22. Rd1 Nf8 23. Qd6 Qh4 24. Ba3 Qxg4 25. Rf1 Bf5 26. Qe7 h6 27. Qxb7 Rd8 28. Bd6 Ng6 29. Bxc6 Kh7 30. Rg1 Qd4 31. c5 Rd7 32. Qxd7 Be4+ 1/2-1/2

[Event "Oberliga Ost-A 0708"]
[Site "Germany"]
[Date "2008.01.19"]
[Round "6.3"]
[White "Hoffmeyer, Falk"]
[Black "Piotraschke, Jens"]
[Result "1-0"]
[WhiteElo "2271"]
[BlackElo "2174"]
[PlyCount "87"]
[EventDate "2007.09.23"]
[EventType "team-tourn"]
[EventRounds "11"]
[EventCountry "GER"]
[SourceTitle "EXT 2009"]
[Source "ChessBase"]
[SourceDate "2008.11.26"]
[SourceVersion "1"]
[SourceVersionDate "2008.11.26"]
[SourceQuality "1"]
[WhiteTeam "Magdeburg Rochade"]
[BlackTeam "Coswig"]
[WhiteTeamCountry "GER"]
[BlackTeamCountry "GER"]

1. d4 e6 2. Nf3 f5 3. c4 Nf6 4. Nc3 Be7 5. e3 d5 6. Bd3 0-0 7. Qc2 g6 8. b3 c6 9. Bb2 b6 10. 0-0 Qe8 11. Ne5 Bb7 12. Ne2 a5 13. Nf4 Bd6 14. c5 bxc5 15. dxc5 Bc7 16. Be2 Nbd7 17. Nfd3 Nxe5 18. Nxe5 Nd7 19. Nxd7 Qxd7 20. Qc3 e5 21. a3 Ba6 22. Bxa6 Rxa6 23. b4 Rb8 24. Qd3 Ra7 25. Bc3 axb4 26. axb4 Rba8 27. Rxa7 Rxa7 28. Ra1 Rxa1+ 29. Bxa1 Kf7 30. Bb2 Ke7 31. g3 Qe8 32. Qa6 Qd7 33. Qb7 Ke6 34. Kg2 d4 35. exd4 exd4 36. Bxd4 Kd5 37. Be3 Qe7 38. h3 f4 39. gxf4 Qe4+ 40. Kg3 Qe7 41. Kg2 Qe4+ 42. Kg1 Qe7 43. b5 Kc4 44. b6 1-0

[Event "Oberliga Ost-A 0607"]
[Site "Germany"]
[Date "2007.04.01"]
[Round "9.4"]
[White "Kunze, Carlo"]
[Black "Piotraschke, Jens"]
[Result "1/2-1/2"]
[WhiteElo "2312"]
[BlackElo "2223"]
[PlyCount "120"]
[EventDate "2006.10.15"]
[EventType "team-tourn"]
[EventRounds "11"]
[EventCountry "GER"]
[SourceTitle "EXT 2008"]
[Source "ChessBase"]
[SourceDate "2007.11.25"]
[SourceVersion "1"]
[SourceVersionDate "2007.11.25"]
[SourceQuality "1"]
[WhiteTeam "Chemnitz"]
[BlackTeam "Coswig"]
[WhiteTeamCountry "GER"]
[BlackTeamCountry "GER"]

1. d4 e6 2. c4 f5 3. Nf3 Nf6 4. g3 Be7 5. Bg2 0-0 6. 0-0 Ne4 7. Nbd2 Bf6 8. Qc2 d5 9. b3 c6 10. Bb2 a5 11. Nxe4 fxe4 12. Ne5 Bxe5 13. dxe5 Na6 14. f3 exf3 15. exf3 Bd7 16. Ba3 Nb4 17. Qc3 Qe7 18. c5 b6 19. Bxb4 axb4 20. Qxb4 bxc5 21. Qd2 Ra3 22. Rac1 Rfa8 23. Rc2 Bc8 24. Rfc1 Qa7 25. Qf2 Bd7 26. Bf1 Rxa2 27. Rxa2 Qxa2 28. Qxa2 Rxa2 29. Rxc5 Kf7 30. f4 Ke7 31. Bd3 g6 32. Rc2 Ra3 33. Rb2 c5 34. Be2 Kd8 35. Rc2 Rxb3 36. Rxc5 d4 37. Rc1 d3 38. Bf1 d2 39. Ra1 Rc3 40. Rd1 Rc2 41. Kf2 Ba4 42. Ke3 Rc3+ 43. Kxd2 Ra3 44. Rb1 Ra2+ 45. Ke3 Rxh2 46. Rb6 Bd7 47. Rb8+ Ke7 48. Rh8 Kf7 49. Bc4 Rh3 50. Kf2 Rh2+ 51. Kg1 Rh6 52. Rb8 Bc6 53. Rc8 Rh1+ 54. Kf2 Rh2+ 55. Ke3 Bd7 56. Rd8 Ke7 57. Rh8 Rh3 58. Bf1 Rh2 59. Ra8 Kf7 60. Ra7 Ke8 1/2-1/2